Biggest Cities Starting with the Same Letter as their Country - Statistics

General Stats
  • This quiz has been taken 2,765 times
    2,721 since last reset
  • The average score is 13 of 21
Answer Stats
Population Country City % Correct
23,000,000 Mexico Mexico City
99%
24,800,000 South Korea Seoul
99%
4,000,000 Brazil Brasilia
95%
7,900,000 Singapore Singapore
93%
2,700,000 Belgium Brussels
91%
9,150,000 Taiwan Taipei
90%
3,975,000 Algeria Algiers
89%
2,675,000 Tunisia Tunis
89%
3,150,000 Guatemala Guatemala City
88%
4,750,000 Kuwait Kuwait City
88%
5,000,000 Brazil Belo Horizonte
58%
5,000,000 Mexico Monterrey
57%
9,600,000 China Chengdu
55%
8,150,000 China Chongqing
49%
2,875,000 Colombia Cali
47%
3,200,000 Iran Isfahan
39%
4,925,000 China Changsha
26%
3,175,000 India Indore
25%
2,350,000 Pakistan Peshawar
25%
2,425,000 Taiwan Taichung
17%
3,700,000 China Changchun
14%
No matching quizzes found
Score Distribution
Percent of People with Each Score
Percentile by Number Answered
Your Score History
You have not taken this quiz since the last reset